000 00410nam a2200097Ia 4500
008 180130s9999 xx 000 0 und d
245 _cJohnson, Richard D.; Dulebohn, James H.
_aSystem design and acquisition
260 _c2015
300 _aBook title: Human resource information systems : basics, applications, and future directions /--Acession number C17426; pages 122-149
650 _aHUMAN RESOURCE MANAGEMENT
999 _c353665
_d353665